000 00715cab a2200229 4500
001 ABS68522
008 041223n2004 000 0 eng u
035 _a(Sirsi) u128432
245 _aRegional survey: Bristol, Bath and Swindon
260 _c2004
490 _aProperty Week
_v69(49) 3 December 2004, 69-80(6)
590 _aABS
650 _aBRISTOL
650 _aBATH
650 _aSWINDON
650 _aPROPERTY-COMMERCIAL PROPERTY-RETAIL PROPERTY-RETAIL PROPERTY MARKET
650 _aREGENERATION
650 _aPROPERTY-COMMERCIAL PROPERTY-OFFICE PROPERTY-OFFICE PROPERTY MARKET
650 _aINDUSTRIAL MARKET
690 _aPROPERTY-COMMERCIAL PROPERTY-COMMERCIAL PROPERTY MARKET
942 _n0
999 _c74700
_d74700